| 000 | 00503nam a2200193Ia 4500 | ||
|---|---|---|---|
| 008 | 230125s9999 xx 000 0 und d | ||
| 041 | _aeng | ||
| 082 |
_a658.152 _bICF |
||
| 100 | _aICFAI | ||
| 245 | _aSecurity analysis : Study material | ||
| 250 | _a1st Ed. | ||
| 260 |
_c1995 _bICFAI publication _aHyderabad |
||
| 300 | _a865p | ||
| 500 | _aSecuriety analysis ,FM | ||
| 500 | _aSecurity analysis;ICFAI Series Book | ||
| 650 | _aFinancial Management | ||
| 700 | _aICFAI | ||
| 999 |
_c92579 _d92579 |
||